| 000 | 00944nam a22002297a 4500 | ||
|---|---|---|---|
| 005 | 20240814174530.0 | ||
| 008 | s2538 th tha d | ||
| 020 | _a9747715945 | ||
| 040 | _aNALT | ||
| 041 | _atha | ||
| 100 | 0 | _aสมพร พรหมหิตาธร | |
| 245 | 1 | 0 | _aอายุความ แพ่ง-อาญา และคดีแพ่งเกี่ยวเนื่องกับคดีอาญา |
| 260 | 3 |
_aกรุงเทพฯ : _bนิติธรรม, _c2538 |
|
| 300 |
_a166 หน้า ; _b 21 ซม. |
||
| 650 | 0 | 4 | _aกฎหมายแพ่งและพาณิชย์ -- อายุความ |
| 650 | 0 | 4 | _aคดีอาญา -- อายุความ |
| 650 | 0 | 4 | _aคดีแพ่ง -- อายุความ |
| 850 | _aNALT | ||
| 942 |
_cLB _2lcc |
||
| 999 |
_c18306 _d18306 |
||
| 998 |
_j25 _k นีลวัสน์ อินทรักษา |
||
| 090 | _aKS37.2 ส265อ 2538 | ||